Warrior Cats: Deaths - Statistics

General Stats
  • This quiz has been taken 1,226 times
  • The average score is 46 of 136
Answer Stats
Hint Answer % Correct
Killed by Hollyleaf Ashfur
81%
Drowns in the gorge, in the dog fight Bluestar
80%
Killed by Deathberries given by Yellowfang Brokentail
77%
All nine lives taken by Scourge | Killed by Firestar Tigerstar
77%
Dies giving birth to graystripe's kits Silverstream
75%
Killed by Firestar, Firestar's half-brother Scourge
71%
Killed from Smoke inhalation Halftail, Yellowfang, Patchpelt
70%
Killed by Bramblclaw, his half-brother | Killed by Brambleclaw Hawkfrost
70%
Carried away by a hawk, white kit Snowkit
70%
Killed by Clawface | Killed by Mapleshade Spottedleaf
70%
Killed by Tigerclaw at Sunningrocks Redtail
69%
Killed by Yellowfang Brokenstar
68%
Black and white apprentice, killed by the dogs Swiftpaw
67%
WindClan leader, dies of old age Tallstar
66%
Medicine cat killed by a badger when they attack ThunderClan camp Cinderpelt
65%
Died from wounds, and hit by a falling tree Firestar
65%
ShadowClan leader who didn't have nine lives, died from sickness Nightstar
64%
RiverClan leader, dies from greencough in a dangerous path Crookedstar
63%
Killed by a falling boulder at Sunningrocks Oakheart
63%
Killed by apprentices in the fight with BloodClan Bone
62%
Evil ThunderClan cat, killed by Graystripe Darkstripe
62%
Killed while completing the tribe's prophecy Feathertail
61%
Killed by Tigerclaw, name ends in 'Wind' Runningwind
61%
Killed by Ivypool when she proved her loyalty to the Dark Forest Antpelt
60%
Killed by Bone Whitestorm
60%
Killed by Tigerstar to give the dogs a taste for cat blood Brindleface
57%
Killed by Darkstripe and Blackfoot Stonefur
55%
Drowned in the lake, Jayfeather accused of murder Flametail
54%
Crushed by a falling tree Longtail
53%
Killed by Hawkfrost Hollyleaf
52%
Fell into the gorge because of Graystripe Whiteclaw
52%
Killed by Feathertail Sharptooth
50%
Died of diabetes Leopardstar
47%
Dies from a snake bite Honeyfern
46%
Killed on the Thunderpath, had one kit in the nursery at the time Snowfur
46%
Died of the cold when travelling to RiverClan Mosskit
44%
Died as a kittypet, Tigerstar's father Pinestar
44%
Killed by Tigerstar to show WindCLan what would happen if they didn't join TigerClan Gorsepaw
43%
One of the kit warriors, killed in Brokenstar's reign. Adderfang's apprentice Badgerfang
42%
Succumbed to wounds after battle with ShadowClan, was a deputy Lionheart
42%
Killed by Lionblaze in battle Russetfur
41%
Killed defending the nursery Ferncloud
40%
Died in 'The Apprentice's Quest' from a wound on her shoulder getting infected Sandstorm
40%
Killed by Hawkheart Moonflower
39%
Died when twoleg den collapsed, Thunderstar's mother Storm
39%
Drowned when tunnels flooded, spirit is stuck there now Fallen Leaves
38%
Died of Starvation after the Clans left Frostfur, Loudbelly, Speckletail, Shadepelt
38%
RiverClan medicine cat, dies to an unidentified illnss Mudfur
37%
Died with SkyClan, bringing Bellapaw and Rileypaw to them Ravenpaw
37%
Killed by a monster in old forest, while being chased by Fireheart Whitethroat
36%
Killed by falling tree as a sign from StarClan Mudclaw
35%
Died from eating a poisoned rabbit, ThunderClan elder Dappletail
34%
Loner with kits who Skystar killed Misty
34%
Killed by Tigerstar, possibly a broken neck Mousefur
34%
Died in battle "He was found in a pool of his own blood. He died how he lived, thirsting for a fight." Thistleclaw
34%
Died on the first day of leaf-bare, just as he'd predicted Goosefeather
33%
Dies from wounds in 'Mapleshade's Vengeance' Mapleshade
33%
Killed in a fight, Star Flower's father One Eye
33%
Warrior killed by a badger when they attack ThunderClan camp Sootfur
32%
Drowned in twoleg den, Hawkfrost and Mothwing's brother Tadpole
32%
Killed by Graystripe in 'Fire and Ice' Clawface
31%
Killed by Raggedpelt in 'Yellowfang's Secret Hal
31%
Killed in Sunningrocks battle, drowns. Frecklewish's brother Birchface
30%
ThunderClan cat killed by Mapleshade because of her sorrow for kits dying, Birchface's sister Frecklewish
30%
Dies from having trouble breathing in 'Path of Stars' Gray Wing
29%
Died of old age, last remnant of SkyClan Skywatcher
29%
Killed on the Thunder Path, mother to Pebble Heart, Owl Eyes, and Sparow Fur Turtle Tail
29%
Died of Starvation in 'Dawn', kit Hollykit
28%
ShadowClan deputy who died from sickness at same time as /\, leaving ShadowClan without deputy or leader Cinderfur
27%
Died of a head injury, abandoned by Crookedstar Rainflower
27%
Died of wounds after the great battle Sorreltail
27%
Killed by Brokenstar, Broken frames WindClan Raggedstar
26%
Falls off a cliff in The Great Journey Smokepaw
26%
Yellowfang's daughters, fan-named Wishkit, Hopekit
26%
Died in a battle with rats, name is basically an insult Foxheart
25%
Squirrelflight's dead kits Juniperkit, Marigoldkit
25%
Weakened by sickness and killed by a dog Sunstar
24%
Killed in the battle with the rats (SkyClan) Rainfur
23%
Medicine cat killed by Mapleshade at the moonstone Ravenwing
23%
Died of Greencough at the end of 'Crookedstar's Promise' Willowbreeze, Willowkit, Minnowkit
23%
Killed by a badger while protecting her son Willowpelt
23%
Died of unknown causes, Gray Wing's mate Slate
22%
Died in the Great Storm Dustpelt
21%
Died of Starvation in 'Moonrise' Larchkit
20%
Hawkfrost's sister, killed by Blackfoot in battle with ShadowClan Rosetail
20%
Died of an unknown painful belly lump in "Crookedstar's Promise' Shellheart
20%
Died of starvation in 'Bluestar's prophecy' Thrushpelt, Stormtail, Swiftbreeze
20%
Dies from falling out of tree, first SkyClan medicine cat Micah
19%
Dies in forest fire, Tall Shadow's brother Moon Shadow
19%
Killed by the beavers Rippletail
19%
Killed in tunnel collapsing (WindClan tunneler) Sandgorse
19%
Carried away by an eagle in 'The Sun trail' Bright Stream
18%
Unknown cause of death, fans think he got hit by an asteroid Jake
18%
Dies of old age, Skystar and Gray Wing's mother Quiet Rain
18%
Died of Food Poisoning in 'Bluestar's Prophecy' Sweetpaw
18%
Fell of Sunningrocks and got brain damage Graypool
17%
Killed by a fox, Yellowfang's siblings Mintkit, Marigoldkit
17%
Killed by Blackstar because he betrayed his Clan Redwillow
17%
Died of old age and sickness in 'Sign of the Moon' Stoneteller
17%
Dies of sickness, Yellowfang's grandmother Silverflame
16%
Dies of wounds in 'Dovewing's Silence' Foxleap
15%
RiverClan elder, died of greencough in 'Sunset' Heavystep
15%
Drowned trying to save the magical amazing stick of souls or whatever Seedpaw
15%
First cat to be hit by a monster in recorded history Shaded Moss
14%
Windstar's daughter, died at birth Emberkit
13%
Kit who dies in 'The Sun Trail' after hitting her head Fluttering Bird
13%
Died of thirst and hunger in 'The fourth apprentice' Dawnflower, Blackclaw, Voletooth
12%
Dies of wounds from rat fight Hailstar
12%
Died of Greencough in 'Bluestar's prophecy' Poppydawn, Featherwhisker
12%
Dies from a heart-attack, ShadowClan meddie Sagewhisker
12%
Died of unknown causes, Moonflower's mother Daisytoe
11%
Died of unknown causes in 'Bluestar's Prophecy' Larksong, Leopardfoot, Stonepelt
11%
Died of unknown causes, Pinestar's mother Sweetbriar
11%
Died of unknown causes, Moonflower's father Rooktail
10%
Killed by Hawkfrost prior to the battle Beetlewhisker
9%
Died of sickness while kitting, RiverClan in old forest Brightsky
9%
Died of an unknown painful belly lump (ThunderClan) Tawnyspots
9%
Died of complications from early birth Mistkit, Nightkit
8%
Killed by Lionblaze during the battle Shredtail
8%
Carried away by an eagle in "Sign of the Moon' Swoop
8%
Kit killed in the Great Battle, named by fans Happykit
7%
Killed in 'The first battle' in the battle Jackdaw's cry
7%
Died from wounds a fox gave him, Skystar's son Tiny Branch
7%
Killed in battle in 'Moth Flight's Vision', accused Red Claw of stealing prey Willow Tail
7%
I don't know if he's dead, but he's a kittypet who helped Needlepaw and Alderpaw Bob
6%
Killed by Darktail, was a SkyClan warrior Mistfeather
6%
Drowned in 'Crookedstar's promise' Duskwater
5%
Killed in flood (SkyClan) Lichenfur
5%
Presumed dead by a pile of Dark Forest warriors Midnight
4%
Killed in battle with RiverClan, Cloudberry's mate Ryewhisker
4%
Died of old age Weedwhisker, Mumblefoot
4%
Died of sickness in 'Crookedstar's Promise' Splashkit, Morningkit
3%
Killed by rats in 'SkyClan's destiny' Fallensnow, Sunpelt
2%
No matching quizzes found
Score Distribution
Percent of People with Each Score
Percentile by Number Answered
Your Score History
You have not taken this quiz